Jyväskylän pienalueet (ei Korpilahtea) - Statistics

Yleistilastot
  • Tätä visaa on pelattu 53 kertaa
    43 viimeisimmän päivityksen jälkeen
  • Keskiarvotulos 33 / 162
Vastaustilastot
Numero Kaupunginosa Pienalue % Oikein
010201 Harju Harju
66%
011702 Tourula Kangas
66%
011701 Tourula Tourula
66%
010401 Lutakko Lutakko
63%
020901 Savela Savela
63%
041801 Kangasvuori Seppälä
60%
124503 Jyskä, Vaajakoski Jyskä
51%
134902 Vesanka, Varsalanperä Vesanka
51%
124701 Kanavuori, Hupeli, Laajaranta Kanavuori
49%
114301 Kirri Kirri
49%
010502 Mattilanpelto Mattilanpelto
49%
134903 Ruoke Ruoke
49%
134901 Kuohu Kuohu
46%
011401 Taulumäki Taulumäki
46%
124607 Haapaniemi Haapaniemi
43%
124602 Kaunisharju Kaunisharju
43%
124703 Oravasaari Oravasaari
43%
041903 Kangasvuori Pupuhuhta
43%
011303 Nisula Viitaniemi
43%
022101 Kortepohja Kortesuo
40%
124801 Leppälahti, Pitkäjärvi, Mehtovuori Leppälahti
40%
103901 Nyrölä Nyrölä
40%
093701 Säynätsalo Säynätsalo / Säynätsalonsaari
40%
114402 Pappilanvuori, Palokka Pappilanvuori
37%
042503 Huhtasuo Sulku
37%
124504 Sulunperä Sulunperä
37%
124604 Tölskä Tölskä
37%
114001 Vertaala, Puuppola Vertaala
37%
052805 Kuokkala Kekkola
34%
022106 Kortepohja Kortemäki
34%
052801 Kuokkala Kuokkalan keskusta
34%
093703 Muuratsalo Muuratsalo
34%
124502 Väinölä Väinölä
34%
082003 Halssila Aittorinne
31%
071201 Etelä-Keljo Etelä-Keljo
31%
060802 Hanhiperä Hanhiperä
31%
103802 Kuikka Kuikka
31%
093702 Lehtisaari Lehtisaari
31%
062301 Keltinmäki Mäyrämäki
31%
072605 Keljonkangas Sarvivuori
31%
042501 Huhtasuo Varikko
31%
082007 Halssila Halssilanrinne
29%
010603 Mäki-Matti Rautpohja
29%
010501 Mattilanpelto Seminaari
29%
042505 Huhtasuo, Ankeriasjärvi Vääräjärvi
29%
052804 Kuokkala Ainolanranta
26%
042504 Huhtasuo Huhtakeskus
26%
020705 Kypärämäki, Ruoke Killeri
26%
020703 Kypärämäki Köhniö
26%
010503 Mattilanpelto Mattilanniemi
26%
053301 Hämeenlahti Samulinniemi
26%
010301 Puistola Tourujoki
26%
063504 Keltinmäki, Etelä-Keljo Ylämyllyjärvi
26%
010105 Keskusta, Puistola Asema
23%
033601 Seppälänkangas Heinälampi
23%
010602 Mäki-Matti Hippos
23%
031602 Lohikoski Holsti
23%
114201 Jylhänperä, Hiekkapohja Jylhänperä
23%
071202 Etelä-Keljo Kauramäki
23%
082005 Halssila Kivistö
23%
053104 Ristikivi Sippulanniemi
23%
052703 Ristonmaa Ylistönrinne
23%
063503 Keljo Hauskala
20%
072604 Keljonkangas Kaijanlampi
20%
042502 Huhtasuo Kangaslammenranta
20%
071103 Keljo Keljonkeskus
20%
062302 Keltinmäki Keltinkeskus
20%
124601 Sulunperä, Kaunisharju Kivilampi
20%
060803 Valkeamäki Köhniöntaus
20%
114403 Pappilanvuori, Palokka Ritopohja
20%
010102 Keskusta Asemakatu
17%
032401 Seppälänkangas Eteläinen Seppälänkangas
17%
082004 Halssila Halssilanmäki
17%
011001 Kukkumäki Kannas
17%
072607 Keljonkangas Keljonkankaan keskusta
17%
072602 Keljonkangas Keljonlahti
17%
011002 Kukkumäki Keskussairaala
17%
010604 Mäki-Matti Kyllö
17%
031601 Lohikoski Lahjaharju
17%
103804 Tikkakoski, Tikka-Mannila Liinalampi
17%
062303 Keltinmäki Mustalampi
17%
011003 Kukkumäki Myllylampi
17%
032402 Seppälänkangas Pohjoinen Seppälänkangas
17%
124603 Vaajakoski Savonmäki
17%
103803 Tikkakoski, Tikka-Mannila Tikkakosken keskusta
17%
082001 Halssila Tuohimutka
17%
022102 Kortepohja Ylioppilaskylä
17%
010103 Keskusta, Puistola Aren aukio
14%
053302 Hämeenlahti Hämeenpohja
14%
041902 Kangasvuori Itäinen Kangasvuori
14%
114302 Haukkamäki, Rippalanmäki Keski-Palokka
14%
022103 Kortepohja, Savela Kortekeskus
14%
020702 Kypärämäki Kypärätie
14%
041901 Kangasvuori Läntinen Kangasvuori
14%
103801 Tikkakoski Luonetjärvi
14%
063502 Keltinmäki Myllyrinne
14%
032406 Ankeriasjärvi Palokärki
14%
082002 Halssila Aholaita
11%
062201 Taka-Keljo Mustankorkea
11%
114102 Puuppola, Matinmäki Puuppola itäinen
11%
114101 Puuppola Puuppola läntinen
11%
071102 Keljo Valkola
11%
032404 Seppälänkangas, Huhtasuo Eteläinen Palokangas
9%
010104 Keskusta, Mattilanpelto Kantti
9%
010101 Keskusta Kirkkopuisto
9%
020701 Kypärämäki Kypärärinne
9%
011502 Mannila, Taulumäki Löylyjoki
9%
063501 Keltinmäki Myllymäki
9%
010601 Mäki-Matti Nousukatu
9%
053002 Kuokkalanpelto Pirttimäki
9%
032403 Seppälänkangas Pohjoinen Palokangas
9%
082008 Halssila Rauhalahti
9%
052701 Ristonmaa Ristonmäki
9%
073402 Sääksvuori Sääksvuorenrinne
9%
010605 Mäki-Matti, Savela Syrjälä
9%
010202 Harju Tapionkatu
9%
052902 Kuokkala Tikantori
9%
052806 Kuokkala Asuntomessualue
6%
082006 Halssila Halssilanranta
6%
011302 Nisula Hongikko
6%
053203 Nenäinniemi Huhtalahti
6%
053001 Kuokkalanpelto Isopelto
6%
053101 Ristikivi Kissankello
6%
020704 Kypärämäki Köhniönranta
6%
022104 Kortepohja Korteranta
6%
011004 Kukkumäki Köyhänpelto
6%
022105 Kortepohja Laajavuori-Haukkala
6%
032405 Seppälänkangas Laasti
6%
052704 Ristonmaa Lahti
6%
053304 Hämeenlahti Lehtisalmi
6%
011501 Mannila Mannisenmäki eteläinen
6%
114303 Mannisenmäki, Mannila Mannisenmäki pohjoinen
6%
011301 Nisula Nisulankatu
6%
114401 Heikkilä Ollila-Heikkilä
6%
031603 Lohikoski Paloniemi
6%
093704 Kinkovuori Rauvanlahti
6%
062202 Taka-Keljo Ronsuntaipale
6%
073401 Sääksvuori Sääksvuorenranta
6%
114003 Saarenmaa, Vertaala Saarenmaa itäinen
6%
114002 Saarenmaa, Varsalanperä Saarenmaa läntinen
6%
053205 Nenäinniemi Salmenkivi
6%
053103 Ristikivi Soutajantie
6%
124501 Jyskä Tammirinne
6%
052702 Ristonmaa Tietotaajama
6%
052901 Kuokkala Tikanmäki
6%
060801 Valkeamäki Valkeamäki-Ruokepuolinen
6%
053102 Ristikivi Valkovuokko
6%
072601 Keljonkangas Jokipakka
3%
072603 Keljonkangas Keskikangas
3%
052803 Kuokkala Keskinen
3%
053303 Nenäinniemi, Hämeenlahti Kuivaniemi
3%
053202 Nenäinniemi Maso
3%
053204 Nenäinniemi Naattila
3%
053201 Nenäinniemi Pohjanlahti
3%
052802 Kuokkala Pohjanlampi
3%
124606 Haapaniemi Sammallahti
3%
114304 Rippalanmäki Savulahti-Rippalanmäki
3%
071101 Keljo Tarhamäentie
3%
072606 Keljonkangas Urtti
3%
073403 Sääksvuori Valkeisentie
3%
124702 Laajaranta Vuoritsalo
3%
124605 Vaajakoski Wesmanninmäki
3%
Ehtoja vastaavia visoja ei löytynyt
Tulosjakauma
Jokaisen tuloksen saaneiden osuus
Persentiili vastausten määrän mukaan
Tuloshistoriasi
Et ole pelannut tätä visaa sen viimeisimmän päivityksen jälkeen